000 008130000a22001810004500
020 _a0-631-13447-6
082 0 4 _aG 940.2 L17w
100 1 _aLarner, Christina
245 1 0 _aWitchcraft and religion : The politics of popular belief / Christina Larner ; Edited by Alan Macfarlane
260 _aOxford, England : Basil Blackwell
300 _a172 páginas
500 _aIncluye índice (p. 167-172)
501 _aPasta dura
505 0 0 _aJames VI y I y la brujería - El delito de brujería en Escocia - El delito de brujería en Europa - Creencias de brujas y acusaciones en Inglaterra y Escocia - Brujería en el pasado y el presente - Creencia popular y educación en la cultura preindustrial
650 1 4 _aHechicería - Brujería - Creencias - Historia \ Europa - Historia
001 20125
942 _cBK
999 _c46478
_d46478